00535nam a2200169Ia 4500008004100000041001200041082001600053100001700069245001800086260003600104300000800140650001400148700001500162942000700177999001300184952016800197221030s9999 xx 000 0 und d aEnglish a105.23bSeh aJ. M. Sehgal 0aChemistry XII bS. Chand & Co.aNew Delhic1985 a183 aChemistry aS. Mahajan cBK c356d356 pBE 83g30.00l0o105.23 Sehr2024-06-13 00:00:00w2022-10-30yBK003Print4070aMIETLIBbMIETLIBcBL-Academic Block C, FL-2, CUP-19, SH-1, R-1d1998-10-3010HBE